00626nam a22001457a 4500003000400000005001700004008004100021040000900062245013100071260010300202300001500305650004600320700003100366710008300397OSt20130522132005.0130522s1992 xxu||||| |||| 00| 0 spa d cCDMR00aManual de seguridad para periodistasb: las armas del periodista : disuación y persuasión [sic]cFabián Chacón López a[Lima]bFederación Internacional de Periodistas. Oficina Regional América Latina c[cop. 1991] a32 p.bil.04aPeriodistesxSituació legal, lleis, etc1 aChacón López, Fabián2 aInternational Federation of Journalistsb -- Oficina Regional América Latina